1036 1098 1625 1354 1394 1434 1520 1184 1725 1078 1923 1298 1982 1291 1975 1180 1589 1859 1732 1679 1227 1740 1601 1134 1084 1715 1686 1853 1739 1513 1263 1724 1973 1066 1795 1830 1860 1771 1494 1786 1118 1585 1515 1470 1582 1967 1676 1698 1273 1352 1511 1090 1753 1830 1766 1825 1116 1687 1848 1884 1139 1275 1542 1463 1738 1883 1999 1619 1834 1997 1064 1483 1231 1811 1326 1508 1546 1281 1756 1902 1560 1742 1758 1308 1809 1190 1126 1053 1844 1436 1559 1636 1728 1191 1661 1978 1878 1779 1080 BCNSPRNW ULIB Ver.6.0+V

เปลี่ยนเป็นภาษาไทย

Change to English
 แสดงรายละเอียดบรรณานุกรม
  กลับหน้าหลัก

Brief Record : Get Marc (ISO 2709) : E-mail record : QR code < ปิดหน้าต่าง
LEADER : 00000nam 2200000uu 4500
001    13399115012
003     ULIB
008    120701s2536||||th 000 0 tha d
020    ^a9789990079203
060 04 ^aQT^bส873ส 2536
100 0  ^aสวรรณา หังสพฤกษ์
245 10 ^aสรีรวิทยา 1 /^cสุวรรณา หังสพฤกษ์
260    ^aกรุงเทพฯ :^bโครงการตำรา-ศิริราช คณะแพทยศาสตร์ศิริราชพยาบาล
300    ^a492 หน้า :^bภาพประกอบ ;^c26 ซม.
500    ^aSend to Single Search
650  2 ^aPhysiology
650  4 ^aสรีรวิทยา
653    ^aผลงานอาจารย์คณะแพทยศาสตร์ศิริราชพยาบาล
710  2 ^aมหาวิทยาลัยมหิดล. ^bคณะแพทยศาสตร์ศิริราชพยาบาล.
945    ^p0^l0^i7674
995    ^aัณชพร
999 ^a ใช้งานได้ทุกระบบ
รายการนี้ยังไม่มีแท็ก
คุณยังไม่ได้ล็อกอิน คุณสามารถมีกิจกรรมร่วมกับเว็บไซต์ได้ แต่ต้องล็อกอินก่อน ::
  ล็อกอิน

รายการสื่อสารสนเทศ

ลำดับที่ ประเภท เลขเรียก/บาร์โค้ด สถานที่ สถานะ
- ไม่พบข้อมูล -

รายการใกล้เคียง
    หัวเรื่อง [Physiology]
    หัวเรื่อง [สรีรวิทยา]

BibComment


ยังไม่เคยถูกคอมเมนท์

คอมเมนท์ทรัพยากรรายการนี้
  คอมเมนท์: สรีรวิทยา 1 สุว..


 Copyright 2026. Bcnsprnw @Library